| 000 | 01715nam a2200397 c 4500 | ||
|---|---|---|---|
| 003 | BLK | ||
| 005 | 20250425091036.0 | ||
| 008 | 180407b bul|||||r ||||||| ||bul|| | ||
| 010 | _aKNG00030257000 | ||
| 020 | _a954-8805-31-6 | ||
| 040 | _aBLK | ||
| 041 |
_aENG _cENG |
||
| 080 |
_aАнглийски език _b811.111 _x(075.4) _z811.111(075.4) |
||
| 139 |
_aАнглийски език _bА 64 |
||
| 245 | 1 | 0 |
_aАнглийски език _bСамоучител в диалози : Ч. 1 - _cавт. на том Поля Кречеталска; съавт. на том Панайот Стефанов Първанов. _nЧ. 1 |
| 246 | 1 | 1 | _aEnglish for Bulgarians |
| 257 | _aBGR | ||
| 260 |
_c2000 - _fВ. Търново : Абагар |
||
| 300 | _c21 см | ||
| 380 | _a80 | ||
| 500 | _aАвт. отбелязана на гърба на загл. с. - Офс. изд. - CD със същото загл. и сигн. CD 1043. | ||
| 650 | 4 |
_aАнглийски език - учебници за самоподготовка _9253258 |
|
| 653 | _aанглийски език | ||
| 653 | _aсамоучители | ||
| 653 | _aучебници за самообразование | ||
| 700 | 1 |
_aКречеталска, Поля _eавт. на том _984142 |
|
| 700 | 1 |
_aПърванов, Панайот Стефанов _eсъавт. на том _9366264 |
|
| 760 | 1 |
_dГрамма, 2000 _h288 с. _m2 аудиокасети, 1 CD _tЧ. 1 |
|
| 852 | _aЦб 203138 | ||
| 856 | 4 | _qpdf | |
| 856 | 4 | _qpdf | |
| 942 |
_cKNG _n0 _014 |
||
| 944 |
_aCR _c15.01.2003 _lТеодора Пейчева-Дянкова _k30556 |
||
| 944 |
_aED _c28.12.2015 _lф / _kМилена_Ачева |
||
| 999 |
_c27673 _d27673 |
||
| 999 | _d27673 | ||